| 000 | 00426nam a2200169 4500 | ||
|---|---|---|---|
| 008 | 190730s2014||||xo d | ||
| 100 | 1 |
_aCollins Jim _91306 |
|
| 700 | 1 |
_aHansen Morten T. _91307 |
|
| 245 | 1 | 0 | _aFirmy, ktoré sa rozhodli byt skvelé |
| 250 | _a1.vydanie | ||
| 260 |
_bEastone Books _aBratislava _c2014 |
||
| 300 | _a286 s. | ||
| 020 |
_a9788081092503 _c4 |
||
| 041 | 1 | _aslo | |
| 044 |
_axo _cSK |
||
| 958 | _aA | ||
| 999 |
_c22662 _d22662 |
||